Singapour pour les touristes... - Facile - Statistiques

Statistiques générales
  • Ce quiz a été pris 18 fois
  • Le résultat moyen est 11 sur 20
Statistiques - réponses
Question Indice Réponses Indice facile % Correct
Dans la capitale quel est le décalage horaire avec Paris ? (+ ou - et chiffre) ex - 10 ou + 3,5 + 6
94%
La religion majoritaire est Bouddhisme B
94%
Quelles sont les langues officielles ? Anglais
88%
Quelles sont les langues officielles ? Mandarin M
88%
Combien d'heures (environ) mettrez-vous pour vous y rendre ? (en chiffres) 16
81%
Quelles sont les langues officielles ? Malais M
81%
Le suffixe internet est sg
81%
Quel est le climat local ? E Equatorial
75%
Le principal aéroport est C Changi CHIGNA
69%
Comment se nomme la principale compagnie aérienne locale S A Singapore Airlines SEENRGROAIIIPALNS
63%
Achats à faire 1/ Statuette de Merlion RILEMON
56%
Quelles sont les langues officielles ? Tamoul T
50%
Quelles sont les principaux lieux touristiques ? P U Ile de {Pulau Ubin} UPULAUINB
31%
Quelles sont les principaux lieux touristiques ? M Merlion de {Sentosa} OSTSENA
31%
Quel est le régime du pays ? R P République parlementaire
31%
Code sur les plaques minéralogiques SGP
31%
Quelle est la monnaie ? Dollar de Singapour $
25%
Quelles sont les principaux lieux touristiques ? P Quartier de {Padang} NDAGAP
19%
Achats à faire 2/ Orchidée conservée nommée Risis ISISR
19%
Achats à faire 3/ Set de petit-déjeuner nommé Ya kun kaya AYKANKAYU
0%
Aucun quiz correspondant
Distribution des résultats
% des personnes avec chaque résultat
Percentile par nombre de réponses
Votre historique - résultats
Vous n’avez pas pris ce quiz